| 000 | 00734nam a2200181 4500 | ||
|---|---|---|---|
| 001 | 127871 | ||
| 003 | ES-MaACL | ||
| 005 | 20251005063114.0 | ||
| 007 | t| | ||
| 008 | 070214s1921 sp r ||||1| spa d | ||
| 100 | 1 |
_aRío Hortega, Pío del, _d1882-1945 _997326 |
|
| 245 | 1 | 3 |
_aEl `tercer elemento` de los centros nerviosos _b: ; poder fagocitario y movilidad de la neuroglía / _cPío del Río Hortega. |
| 260 |
_aMadrid : _b[s.n.], _c1921. |
||
| 490 | 1 |
_aTrabajos del Laboratorio de Histopatología de la Junta para Ampliación de Estudios ; _v13 |
|
| 830 | 0 | 0 |
_aTrabajos del Laboratorio de Histopatología de la Junta para Ampliación de Estudios _v13 _9184307 |
| 852 |
_aES-MaACL _j1619-F-13 |
||
| 999 |
_c127871 _d127871 |
||